000 00351pab a2200157 454500
008 180718b2013 xxu||||| |||| 00| 0 eng d
100 _aMehra, Ajay K.
245 _aProtest and prospects
260 _c2013
300 _ap.17-22,35
362 _a26 Jan
650 _aProtest movements
773 _aMainstream
908 _aN
909 _a102025
999 _c102023
_d102023